000 00429cam a2200169ua 4500
020 _c1.75
041 _amal
_h
082 _a894.8121
_bACH/AN
100 _aAchuthan Namboodiri, Akkitham.
245 _aAnaswarante Ganam /
_cAkkitham Achutham Namboodiri.
_hTextual Documents
260 _aThrissur :
_bCurrent Books ,
_c1961.
300 _a96 ; .
365 _a1.75
504 _a
942 _cBK
999 _c4836
_d4836